Energy generation (Record no. 107486)

MARC details
000 -LEADER
fixed length control field 01318cad a22002415a 4500
001 - CONTROL NUMBER
control field L140344
008 - FIXED-LENGTH DATA ELEMENTS--GENERAL INFORMATION
fixed length control field 070919e20070417xxk f 100 0 eng d
035 ## - SYSTEM CONTROL NUMBER
System control number (Sirsi) u140344
041 0# - LANGUAGE CODE
Language code of text/sound track or separate title eng
050 04 - LIBRARY OF CONGRESS CALL NUMBER
Classification number 333.72 $2 18
100 1# - MAIN ENTRY--PERSONAL NAME
Personal name Lewis, David
245 00 - TITLE STATEMENT
Title Energy generation
Remainder of title new markets for old woods?
Medium [electronic resource]
260 ## - PUBLICATION, DISTRIBUTION, ETC.
Place of publication, distribution, etc. Cirencester
Name of publisher, distributor, etc. Royal Agricultural College
Date of publication, distribution, etc. 2007
490 #0 - SERIES STATEMENT
Series statement ROOTS
Volume/sequential designation 2007
520 ## - SUMMARY, ETC.
Summary, etc. In the context of the growing interest in renewable energy and the potential use of wood biomass to generate energy, this paper investigates the markets and the supply infrastructure for wood biomass for heating, and considers the costs that landowners would incur for supplying wood biomass. Reveals there is a substantial potential supply of timber in the southwest England that could be used to generate considerable amounts of energy.
590 ## - LOCAL NOTE (RLIN)
Local note KA
651 #4 - SUBJECT ADDED ENTRY--GEOGRAPHIC NAME
Geographic name United Kingdom
Chronological subdivision
690 ## - LOCAL SUBJECT ADDED ENTRY--TOPICAL TERM (OCLC, RLIN)
Topical term or geographic name as entry element ENVIRONMENTAL AND LAND CONSULTANCY-ENERGY-RENEWABLE ENERGY
710 2# - ADDED ENTRY--CORPORATE NAME
Corporate name or jurisdiction name as entry element Royal Institution of Chartered Surveyors
Subordinate unit Research
9 (RLIN) 4902
711 2# - ADDED ENTRY--MEETING NAME
Meeting name or jurisdiction name as entry element ROOTS Rural Research Conference 2007
Location of meeting RICS Headquarters, London
Date of meeting or treaty signing 17 April 2007
856 40 - ELECTRONIC LOCATION AND ACCESS
Uniform Resource Identifier <a href="https://www.rics.org/RICSWEB/getpage.aspx?p=v5g44XKY7UmbVmoMp_peGA">https://www.rics.org/RICSWEB/getpage.aspx?p=v5g44XKY7UmbVmoMp_peGA</a>
Public note View the item free of charge at www.rics.org...
942 ## - ADDED ENTRY ELEMENTS (KOHA)
Suppress in OPAC 0
Holdings
Withdrawn status Lost status Source of classification or shelving scheme Damaged status Not for loan Home library Current library Shelving location Date acquired Total Checkouts Full call number Barcode Date last seen Copy number Price effective from Koha item type
    Dewey Decimal Classification     Virtual Virtual Online 19/09/2007   ONLINE PUBLICATION 140344-2001 06/08/2019 1 06/08/2019 Book